000 00583nam a22002057a 4500
999 _c14518
_d14518
003 MIRAKIL
005 20210923154917.0
008 210923b tu ||||| |||| 00| 0 tur d
040 _aTR-AnCHP
_btur
_cTR-AnCHP
041 _atur
082 _a335.4
_bM25m 1970
100 _aMandel, Ernest
245 _aMarksist ekonomi el-kitabı II /
_cErnest Mandel; çev: Orhan Suda.
260 _aİstanbul:
_bAnt Yayınları
_c1970.
300 _a542 s.:
_c19 sm.
504 _aKaynakça vardır.
650 _aMarksist sistemler
700 _aSuda, Orhan
_95992
_eçev.
942 _2ddc
_cBKS